00683nam a2200181Ia 4500001000700000003000500007008004100012010001100053040000900064100003900073245017900112260004100291300001000332502007600342650002600418650002400444700003300468Z_1873CHAP220113s1998 xx 000 0 und d a164967 cCHAP aSánchez José, Teodulo Gregorio aAnálisis proximal y cuantitativo de hierbas y gramíneas nativas de agostaderos del sur de Sinaloa /cpor Teodulo Gregorio Sánchez José y Miguel Angel Romero López aChapingo, Méx. :bEl autor,c1998 a79 h. aTesis (Ing. Agr. Esp. en Zootecnia) -- UACH. Departamento de Zootecnia aGramíneasxSinaloa  aPlantas herbáceas aRomero López, Miguel Angel